02885cam a22003254a 4500001000400000003000400004005001700008008004100025020001500066040000800081041001300089082001500102100002900117245011900146260004400265300001100309520189200320650002302212650001602235650002902251650004302280650002802323650004802351655002102399655002702420700001902447700002102466700003702487700003502524424OSt20250527150858.0061003 1993 bl # 000 por  a8571643492 bpor hporaeng a296bV523m1 aGeza, Vermesd1924- 201300aOs manuscritos do mar morto /cGeza, Vermes ; Tradução de Júlia Bárány e Maria Helena de Oliveira Tricca aSão PaulobCompanhia das Letrasc1993 a415 p. aOs Manuscritos do Mar Morto, única obra que traz a tradução integral de todos os textos liberados ao público até o momento, faculta confiável e direto acesso às traduções desses fascinantes documentos, todo o material acessível à tradução dos manuscritos até agora. Como o processo de entrega dos documentos aos eruditos que os estudam tem sido muito lento, Geza Vermes - desde a publicação da primeira versão, em 1962 - tem acrescentado a cada uma delas mais textos traduzidos. Neste livro foram acrescentados vinte e seis novos textos, uma introdução discutindo o desenrolar da questão Qumran, com todos os seus problemas, e um inventário - apresentado pela primeira vez - de todos os documentos entregues em 1991; Esses fascinantes documentos, que foram encontrados em 1947, em Israel, trouxeram uma enorme mudança no entendimento da Bíblia hebraica, do judaísmo pós-bíblico e das origens do cristianismo. O grande interesse mundial por esses escritos está ligado a vários fatores: foram encontrados todos os textos da Bíblia hebraica (à exceção do Livro de Ester), textos esses mil anos mais antigos que o mais velho códice conhecido até então; a importância dos textos não-bíblicos, que mostram a preparação para a vinda de Jesus Cristo; por meio deles se pode conhecer melhor as raízes do Cristianismo. Enfim, o maior achado arqueológico do século XX, que proporcionou uma tradução mais acurada da própria Bíblia; Os primeiros capítulos descrevem a filosofia, a vida, as crenças e o significado dos escritos dos essênios. Esta obra tem a virtude de ser um eficiente guia para eruditos, estudantes cujos interesses abranjam o antigo judaísmo e o cristianismo incipiente e para o público em geral, que queiram conhecer um pouco mais essa seita extraordinária - os essênios.  0aLiteratura Inglesa 0aGnosticismo aManuscritos do Mar Morto 0aEscrituras judaicas — Textos antigos aArqueologia Bíblica  0aInterpretação bíblica — Antiguidade 0aNão Ficção 0aEstudo Arqueológico 1 aEdmund, Wilson1 aHildegard, Feist1 aMaria Helena de Oliveira, Tricca1 aJúlia Bárány, Bartolomei